[Event "Yalta op"]
[Site "Yalta"]
[Date "1996.??.??"]
[Round "3"]
[White "Timoshenko, Georgy"]
[Black "Riazantsev, Alexander"]
[Result "1/2-1/2"]
[WhiteElo "2500"]
[BlackElo "2300"]

1.e4 e6 2.d4 d5 3.Nd2 Nc6 4.Ngf3 Nf6 5.e5 Nd7 6.Be2 f6 7.exf6 Qxf6 8.Nf1 Bd6
9.Ne3 O-O 10.O-O Qg6 11.b3 Nf6 12.Bb2 Ne7 13.c4 Bf4 14.Bd3 Qh5 15.Qe2 Bd7
16.g3 Bxe3 17.fxe3 Rae8  1/2-1/2

[Event "Yalta op"]
[Site "Yalta"]
[Date "1996.??.??"]
[Round "8"]
[White "Kuzmin, Gennadi P"]
[Black "Vysochin, Spartak"]
[Result "1/2-1/2"]
[WhiteElo "2535"]
[BlackElo "2420"]

1.e4 e6 2.d4 d5 3.Nd2 Nc6 4.Ngf3 Nf6 5.e5 Nd7 6.Bb5 Be7 7.Nb3 a5 8.O-O a4
9.Nbd2 Ra5 10.Bd3 Nb4 11.Be2 c5 12.dxc5 Nc6 13.a3 Ncxe5 14.Nxe5 Nxe5 15.b4 axb3
16.Nxb3 Ra8 17.Bb2 Bf6 18.Ra2 O-O 19.a4 Nc6 20.Bb5 Bxb2 21.Rxb2 Bd7 22.Re1 Qf6
23.Rb1 Rfd8 24.Nc1 Nd4 25.Nd3 Bxb5 26.axb5 Ra5 27.Ne5 Nxb5 28.Qd2 Rda8 29.Qd3 Nc7
30.Rxb7 Ra1 31.Qf1 Rxe1 32.Qxe1 Qe7 33.Nd3 e5 34.Qb1 h6 35.Rb8+ Rxb8 36.Qxb8+ Kh7
37.Qb6 e4 38.Nf4 Qe5 39.g3 e3 40.Qd6 exf2+ 41.Kxf2 Qd4+ 42.Kg2 Qe4+  1/2-1/2

[Event "Yalta op"]
[Site "Yalta"]
[Date "1996.??.??"]
[Round "11"]
[White "Moroz, Alexander"]
[Black "Vysochin, Spartak"]
[Result "1-0"]
[WhiteElo "2500"]
[BlackElo "2420"]

1.e4 e6 2.d4 d5 3.Nd2 Nc6 4.Ngf3 Nf6 5.e5 Nd7 6.Be2 Na5 7.c3 c5 8.a3 cxd4
9.cxd4 Nb6 10.b3 Bd7 11.O-O a6 12.Ne1 Be7 13.f4 O-O 14.Bb2 Rc8 15.Nd3 f5
16.Kh1 Bb5 17.Nf3 Qc7 18.Rc1 Qd7 19.Nc5 Bxc5 20.dxc5 Bxe2 21.Qxe2 Nxb3 22.cxb6 Nxc1
23.Rxc1 Rxc1+ 24.Bxc1 Qa4 25.Be3 Rc8 26.Nd4 Rc3 27.Bg1 Qc4 28.Qh5 Qc8 29.Qh4 Qe8
30.Qe1 Rc4 31.h3 Kf7 32.Qe2 Ke7 33.Qf2 Qh5 34.Qg3 Kf7 35.Qd3 g6 36.Nb3 Rxf4
37.Nc5 g5 38.Nxb7 g4 39.Nd6+ Kg6 40.b7 gxh3 41.g3 Rf3 42.b8=Q  1-0

[Event "Yerevan ol (Men)"]
[Site "Yerevan"]
[Date "1996.??.??"]
[Round "5"]
[White "Mohr, Georg"]
[Black "Nikolic, Predrag"]
[Result "1/2-1/2"]
[WhiteElo "2510"]
[BlackElo "2670"]

1.e4 e6 2.d4 d5 3.Nd2 a6 4.Ngf3 c5 5.exd5 exd5 6.dxc5 Bxc5 7.Nb3 Bb6 8.Bd3 Qe7+
9.Qe2 Nc6 10.c3 Bg4 11.O-O Qxe2 12.Bxe2 Nf6 13.Bg5 Ne4 14.Be3 Bxe3 15.fxe3 f6
16.Rfe1 O-O-O 17.Nbd4 Na5 18.Ng5 Bxe2 19.Nxe4 dxe4 20.Rxe2 Rhe8 21.Rf1 Re5
22.h3 Kd7 23.Rf4 Ke7 24.Kf1 Kf7 25.Ke1 Nc4 26.Kd1 h5 27.Kc2 Rc8 28.Nb3 g5
29.Rf1 Rd8 30.Nd4 h4 31.b3 Nb6 32.c4 Kg6 33.Ref2 Rf8 34.Rd2 Rf7 35.Ne2 Rd7
36.Rfd1 Ree7 37.Rd6 Rxd6 38.Rxd6 Nd7 39.Nc3 Nc5 40.Kd2 a5 41.Rb6 Re6 42.Rxe6 Nxe6
43.Nxe4 f5 44.Nd6 Nc5 45.Kc3 Kf6 46.Kd4 Ne6+ 47.Kd5 g4 48.hxg4 fxg4 49.Ne4+ Kf5
50.Nd6+ Kf6 51.Ne4+ Kf5 52.Nd6+  1/2-1/2

[Event "Yerevan ol (Women)"]
[Site "Yerevan"]
[Date "1996.??.??"]
[Round "8"]
[White "Peptan, Corina"]
[Black "Sedina, Elena"]
[Result "1/2-1/2"]
[WhiteElo "2395"]
[BlackElo "2345"]

1.e4 e6 2.d4 d5 3.Nd2 Nc6 4.Ngf3 Nf6 5.e5 Nd7 6.c3 f6 7.exf6 Qxf6 8.Bb5 Bd6
9.O-O O-O 10.Nb3 e5 11.Bxc6 bxc6 12.dxe5 Nxe5 13.Nxe5 Qxe5 14.f4 Qe4 15.Qd4 Qg6
16.Rf3 Bf5 17.Be3 a5 18.Raf1 a4 19.Nc5 Qf6 20.Qd2 Qe7 21.Nd3 c5 22.Nxc5 c6
23.Nd3 Be4 24.Rg3 Rae8 25.Bd4 g6 26.h3 Rf5 27.Be5 Ref8 28.Bxd6 Qxd6 29.Ne5 c5
30.Qe3 R5f6 31.Rf2 Kg7 32.c4 Bf5 33.cxd5 Qxd5 34.a3 Rd6 35.Qc3 Qd1+ 36.Rf1 Qd4+
37.Kh2 Rb8 38.Nc4 Qxc3 39.Rxc3 Rd4 40.Rf2 Be6 41.Ne5 Rb5 42.Kg3 Rd1 43.Re2 Rb3
44.Rce3 Rb1 45.Nd3 Bc4 46.Nxc5 Bxe2 47.Nxb3 Rxb2 48.Nc5 Bf1 49.Re7+ Kg8 50.Re1 Rxg2+
51.Kf3 Rc2 52.Nxa4 Bxh3 53.Re3 Bg2+ 54.Kg3 Bc6 55.Nc3 Rc1 56.Ne2 Kf7 57.Nd4 Bd5
58.Re5 Bh1 59.Ne6 h6 60.Nd4 Rc3+ 61.Kh2 Bc6 62.f5 gxf5 63.Rxf5+ Kg6 64.Re5 Bd7
65.Rd5  1/2-1/2

[Event "Yerevan ol (Women)"]
[Site "Yerevan"]
[Date "1996.??.??"]
[Round "9"]
[White "Bojkovic, Natasa"]
[Black "Matveeva, Svetlana"]
[Result "1/2-1/2"]
[WhiteElo "2405"]
[BlackElo "2470"]

1.e4 e6 2.d4 d5 3.Nd2 Be7 4.Bd3 c5 5.dxc5 Nf6 6.Qe2 dxe4 7.Nxe4 Nxe4 8.Qxe4 Nd7
9.Be3 Bxc5 10.O-O-O Qb6 11.Nf3 Bxe3+ 12.fxe3 Nf6 13.Qd4 Qxd4 14.exd4 O-O
15.Ne5  1/2-1/2

[Event "Yerevan op"]
[Site "Yerevan"]
[Date "1996.??.??"]
[Round "11"]
[White "Minasian, Ara"]
[Black "Lempert, Igor"]
[Result "1/2-1/2"]
[WhiteElo "2425"]
[BlackElo "2505"]

1.e4 e6 2.d4 d5 3.Nd2 Be7 4.Bd3 c5 5.dxc5 Nf6 6.exd5 Qxd5 7.Ngf3 Nbd7 8.O-O Nxc5
9.Bc4 Qd6 10.Nb3 Bd7 11.Qe2 O-O 12.Ne5 Rfd8 13.Rd1 Qc7 14.Bf4 Qb6 15.Be3 Qc7
16.Bxc5 Bxc5 17.Nxc5 Qxc5 18.Nxd7 Rxd7 19.Rxd7 Nxd7 20.Bxe6 Re8 21.Qd2 Rxe6
22.Qxd7 g6 23.Qxb7 Re2 24.Rf1 Rxc2 25.b4 Qd4 26.a3 Ra2 27.Qf3 Kg7 28.Rb1 Qb2
29.Re1 Rxa3 30.Qe4 Ra2 31.f4 Qf2+ 32.Kh1 h5 33.h3 Rd2 34.Ra1 h4 35.Rg1 Re2
36.Qc4 Rd2 37.Qc3+ Qd4 38.Qxd4+ Rxd4 39.b5 Rxf4 40.Ra1 Rb4 41.Rxa7 Rxb5 42.Kg1 Rf5
43.Ra4 g5 44.Ra6 Rf4 45.Rb6 f6 46.Rb7+ Kg6 47.Rb5 Rf5 48.Rb6 Rd5 49.Kf2 Kf5
50.Ra6 Ke5 51.Rb6 Rc5 52.Ra6 Rb5 53.Rc6 f5 54.Ra6 Rb4 55.Ra3 Rf4+ 56.Ke2 Rd4
57.Kf2 Rf4+ 58.Ke2 Rc4 59.Kf2 Kd4 60.Ra2 Ke4 61.Re2+ Kf4 62.Ra2 Ke5 63.Re2+ Re4
64.Ra2 Rb4 65.Re2+ Kf6 66.Re8 g4 67.hxg4 fxg4 68.Rh8 Kg5 69.Rg8+ Kf5 70.Rf8+ Ke4
71.Re8+ Kd3 72.Rd8+ Rd4 73.Rh8 Rf4+ 74.Kg1 g3 75.Rd8+ Kc4 76.Rc8+ Kd5 77.Rd8+ Ke6
78.Re8+ Kf7 79.Re1 Kg6 80.Kh1 Kf5 81.Kg1 Re4 82.Rxe4 Kxe4 83.Kh1 Ke3 84.Kg1 Ke2
85.Kh1 h3 86.Kg1  1/2-1/2

[Event "Yerevan ol (Men)"]
[Site "Yerevan"]
[Date "1996.??.??"]
[Round "13"]
[White "Ramesh, RB."]
[Black "Djurhuus, Rune"]
[Result "0-1"]
[WhiteElo "2380"]
[BlackElo "2505"]

1.e4 e6 2.d4 d5 3.Nd2 Be7 4.Ngf3 Nf6 5.Bd3 b6 6.e5 Nfd7 7.Qe2 c5 8.c4 Nc6
9.cxd5 exd5 10.O-O Nf8 11.Rd1 Ne6 12.Bb5 Bb7 13.Nf1 O-O 14.Bxc6 Bxc6 15.Ne3 Qd7
16.Nf5 Kh8 17.Nxe7 Qxe7 18.b3 Qd7 19.Qe3 Rfd8 20.Bd2 Qe7 21.Ne1 Qh4 22.b4 cxb4
23.Nd3 a5 24.f4 Qg4 25.h3 Qf5 26.Bc1 Ba4 27.Re1 Rac8 28.Bd2 Qe4 29.Nb2 Bb5
30.Qf2 Qc2 31.Rab1 Bd3 32.Rec1 Qxb1 33.Rxb1 Bxb1 34.f5 Nf8 35.Na4 Rc6 36.e6 fxe6
37.f6 Ng6 38.h4 Rf8 39.h5 Rxf6 40.Qe1 Be4 41.hxg6 Rxg6 42.g3 h5 43.Bf4 Rc2
44.Nxb6 h4 45.Qd1 hxg3 46.Qh5+ Kg8 47.Qh4 Rg2+ 48.Kf1 Rh2  0-1

[Event "Hallsberg opJ32"]
[Site "Hallsberg"]
[Date "1997.01.04"]
[Round "8"]
[White "Beeckmans, Felix"]
[Black "Karlsson, Lars"]
[Result "0-1"]
[WhiteElo "2175"]
[BlackElo "2470"]

1.e4 e6 2.d4 d5 3.Nd2 Be7 4.Bd3 c5 5.dxc5 Bxc5 6.exd5 exd5 7.Ngf3 Nf6 8.Nb3 Be7
9.O-O O-O 10.Re1 Nc6 11.c3 Bg4 12.Bf4 Re8 13.Be2 Nh5 14.Qd2 Nxf4 15.Qxf4 Be6
16.Nfd4 Bd6 17.Qd2 Qf6 18.g3 Rad8 19.f4 Bc7 20.Rad1 Bb6 21.Kg2 h6 22.h4 Bd7
23.Bf3 a5 24.Nc2 Qf5 25.Rh1 Bc8 26.Nbd4 Qd7 27.b3 Re7 28.Ne3 Nxd4 29.cxd4 Qb5
30.Rhe1 Re4 31.Bxe4 dxe4 32.Nc4 Bg4 33.Rxe4 Qd5 34.Re1 Bf5 35.Nxb6 Bxe4+
36.Kh2 Qxd4 37.Qxd4 Rxd4 38.Nc4 f5  0-1

[Event "RUS-Cup4"]
[Site "Perm"]
[Date "1997.02.12"]
[Round "5"]
[White "Potapov, Alexander"]
[Black "Kiriakov, Petr"]
[Result "1/2-1/2"]
[WhiteElo "2455"]
[BlackElo "2530"]

1.e4 e6 2.d4 d5 3.Nd2 a6 4.Ngf3 c5 5.dxc5 Bxc5 6.Bd3 Nc6 7.O-O Nf6 8.Qe2 Qc7
9.c4 dxc4 10.Bxc4 Ng4 11.h3 Nge5 12.Nxe5 Nxe5 13.Bb3 Bd7 14.a4 O-O 15.Nf3  1/2-1/2

[Event "CUB-ch"]
[Site "Matanzas"]
[Date "1997.03.17"]
[Round "2"]
[White "Rodriguez, Amador"]
[Black "Pecorelli Garcia, Humberto"]
[Result "1-0"]
[WhiteElo "2555"]
[BlackElo "2460"]

1.e4 e6 2.d4 d5 3.Nd2 Nc6 4.Ngf3 Nf6 5.e5 Nd7 6.Bb5 a6 7.Bxc6 bxc6 8.Nb3 a5
9.Bd2 a4 10.Na5 Nb8 11.c4 a3 12.b4 dxc4 13.O-O Ba6 14.Re1 Bb5 15.Qc1 Qd5
16.Qxa3 Nd7 17.Qc3 Nb6 18.a3 h6 19.Qc2 Ba4 20.Qc1 Be7 21.Be3 Bb5 22.Nd2 O-O
23.Nb1 f5 24.exf6 Rxf6 25.Nc3 Qh5 26.Bf4 Raf8 27.Bg3 Bd6 28.Ne4 Rg6 29.Nb7 Bxg3
30.hxg3 e5 31.dxe5 Qxe5 32.Nbc5 Rg4 33.Qc2 Kh8 34.Nc3 Qf6 35.a4 Rxg3 36.fxg3  1-0

[Event "FRA-chT9697 final"]
[Site "Clichy"]
[Date "1997.05.02"]
[Round "9"]
[White "Ristic, Nenad"]
[Black "Elbilia, Jacques"]
[Result "1/2-1/2"]
[WhiteElo "2475"]
[BlackElo "2325"]

1.e4 e6 2.d4 d5 3.Nd2 Nc6 4.Ngf3 Nf6 5.e5 Nd7 6.Bd3 f6 7.Ng5 Ndxe5 8.dxe5 fxg5
9.Qh5+ g6 10.Bxg6+ Kd7 11.f4 gxf4 12.Bd3 Qe8 13.Qg5 Be7 14.Qxf4 Rf8 15.Qa4 Qh5
16.Nf3 Bb4+ 17.c3 Rxf3 18.gxf3 Qxf3 19.Rf1 Qxd3 20.cxb4 Qe4+ 21.Kd1 Qd3+
22.Ke1 Qe4+  1/2-1/2

[Event "RUS-Cup9"]
[Site "Novgorod"]
[Date "1997.06.20"]
[Round "8"]
[White "Krishilovsky, A."]
[Black "Doroshkievich, Vladimir K"]
[Result "1/2-1/2"]
[WhiteElo "2150"]
[BlackElo "2385"]

1.e4 e6 2.d4 d5 3.Nd2 Nc6 4.Ngf3 Nf6 5.e5 Nd7 6.Bb5 a6 7.Bxc6 bxc6 8.Nb3 c5
9.Bg5 Be7 10.Na5 Nb8 11.Bxe7 Qxe7 12.c3 O-O 13.O-O cxd4 14.cxd4 c5 15.dxc5 Qxc5
16.Qd2 Nc6 17.Nxc6 Qxc6 18.Rac1 Qb6 19.Rc3 Bd7 20.Rfc1 Rfb8 21.b3 h6 22.Nd4 a5
23.a4 Qb4 24.Qf4 Rc8 25.Rxc8+ Bxc8 26.h3 Bd7 27.Rc7 Be8 28.Qe3 Rb8 29.f4 Qa3
30.Qc3 Qa2 31.Rc8  1/2-1/2

[Event "Skolernes Skakklub"]
[Site "Aarhus"]
[Date "1997.06.22"]
[Round "3"]
[White "Adams, Michael"]
[Black "Larsen, Bent"]
[Result "1/2-1/2"]
[WhiteElo "2665"]
[BlackElo "2520"]

1.e4 e6 2.d4 d5 3.Nd2 a6 4.Ngf3 c5 5.Bd3 Nc6 6.dxc5 Bxc5 7.exd5 exd5 8.O-O Nf6
9.Re1+ Be7 10.Nf1 O-O 11.Ng3 Qd6 12.Bg5 h6 13.Bd2 Rd8 14.Nh4 Bf8 15.Nhf5 Qc5
16.Qf3 Ne4 17.Be3 Qa5 18.Nxe4 dxe4 19.Bxe4 Ne5 20.Qe2 Qb4 21.Bc1 Bxf5 22.Bxf5 Re8
23.Be4 Nc4 24.c3 Qb5 25.a4 Qc5 26.Bf4 g5 27.b4 Qc8 28.Bg3 Bg7 29.Qc2 a5 30.b5 Nb6
31.Re3 Qc4 32.Rae1 Kh8 33.Bxb7 Rxe3 34.Rxe3 Rd8 35.h3 Nxa4 36.Re4 Qxb5 37.Rxa4 Qxb7
38.Rxa5 Qe7 39.Ra1 Rc8 40.Rb1 Bxc3 41.Kh2 Qe6 42.Rb8 Qc6  1/2-1/2

[Event "Wch U20"]
[Site "Zagan"]
[Date "1997.07.24"]
[Round "10"]
[White "Vajda, Levente"]
[Black "Bauer, Christian"]
[Result "0-1"]
[WhiteElo "2445"]
[BlackElo "2525"]

1.e4 e6 2.d4 d5 3.Nd2 Nc6 4.c3 e5 5.exd5 Qxd5 6.Ngf3 exd4 7.Bc4 Qh5 8.O-O Nf6
9.cxd4 Be7 10.Re1 O-O 11.Nf1 Bg4 12.d5 Rad8 13.Ng3 Bxf3 14.gxf3 Qh4 15.Qd3 Bc5
16.Bb3 Bxf2+ 17.Kxf2 Qxh2+ 18.Kf1 Qxg3  0-1

[Event "Montecatini Terme op"]
[Site "Montecatini Terme"]
[Date "1997.08.05"]
[Round "5"]
[White "Ulibin, Mikhail"]
[Black "Drasko, Milan"]
[Result "1/2-1/2"]
[WhiteElo "2535"]
[BlackElo "2520"]

1.e4 e6 2.d4 d5 3.Nd2 Be7 4.Bd3 c5 5.dxc5 Nd7 6.exd5 exd5 7.Nb3 Ngf6 8.Be3 a5
9.a4 Qc7 10.Ne2 Nxc5 11.Bxc5 Bxc5 12.Bb5+ Kf8 13.Nxc5 Qxc5 14.f3 b6 15.Qd2 h5
16.O-O-O g6 17.h3 h4 18.Rhe1 Kg7 19.Nd4 Ra7 20.Re3 Rc7 21.Rde1 Rh5 22.Kb1 Qd6
23.R1e2 Qf4 24.c3 Rg5 25.Qe1 Nh5 26.Re8 Qg3  1/2-1/2

[Event "ST Lee Cup 4th"]
[Site "Beijing"]
[Date "1997.08.30"]
[Round "6"]
[White "Wang Pin"]
[Black "Wu Wenjin"]
[Result "0-1"]
[WhiteElo "2380"]
[BlackElo "2320"]

1.e4 e6 2.d4 d5 3.Nd2 a6 4.Ngf3 c5 5.dxc5 Bxc5 6.Bd3 Nc6 7.a3 Nf6 8.O-O O-O
9.e5 Nd7 10.b4 Be7 11.Bb2 f6 12.exf6 Bxf6 13.Bxf6 Qxf6 14.c4 a5 15.b5 Nce5
16.Nxe5 Nxe5 17.Qc2 g6 18.Rae1 Bd7 19.cxd5 Rac8 20.Qb1 exd5 21.Qb3 Be6 22.Bb1 Nc4
23.Qd3 Rfd8 24.Ba2 Bf5 25.Qe2 Nxd2 26.Qxd2 Rc2 27.Bxd5+ Kg7 28.Qf4 Rxd5  0-1

[Event "Banicky Kahanec"]
[Site "Prievidza"]
[Date "1997.09.09"]
[Round "2"]
[White "Pokorna, Regina"]
[Black "Huba, Martin"]
[Result "1/2-1/2"]
[WhiteElo "2210"]
[BlackElo "2170"]

1.e4 e6 2.d4 d5 3.Nd2 a6 4.c3 c5 5.exd5 exd5 6.dxc5 Bxc5 7.Nb3 Ba7 8.Nf3 Bg4
9.Be2 Nf6 10.O-O O-O 11.Bg5 Nbd7 12.Bh4 Re8 13.Re1 Qc7 14.Bg3 Qb6 15.a4 Ne4
16.a5 Qf6 17.Nfd4 Bxe2 18.Qxe2 h6 19.Rad1 Qg6 20.Qd3 Qh5 21.Qf3 Nxg3 22.hxg3 Qxf3
23.Nxf3 Nf6 24.Nbd4 Kf8 25.Nf5 Rad8 26.N3d4 h5 27.Kf1 g6 28.Ne3 Rc8 29.Rd3 Rc5
30.Ra1 Rc7 31.Rad1 Rc5 32.Ra1 Ne4 33.Ndc2 Nf6 34.Nb4 Rd8 35.Ke2 Rb5 36.Nec2 Re8+
37.Kf1 Ne4 38.Nd4 Rc5 39.Nb3 Rb5 40.Nd4 Rc5 41.Ndc2 Rb5 42.Nd4 Rc5 43.Ne2 Nxf2
44.Rxd5 Rxd5 45.Nxd5 Nd3 46.b4 Re5 47.Ndf4 Nf2 48.c4 Be3 49.Ra3 Ng4 50.Nd5 Re4
51.b5 Bc5 52.Rc3 Ne5 53.bxa6 bxa6 54.Nb6 Bb4 55.Rb3 Bxa5 56.c5 Rb4 57.Nc1 Ke8
58.Nd5 Rc4 59.Rb8+ Kd7 60.Nb3 Bd8 61.Ra8 a5 62.Nxa5 Bxa5 63.Rxa5 Kc6 64.Ne7+ Kd7
65.Nd5 Rc2 66.Ne3 Rc1+ 67.Ke2 Kc6 68.Kd2 Rxc5 69.Ra6+ Kd7 70.Ra7+ Rc7 71.Rxc7+ Kxc7
72.Kc3 Kd6 73.Kd4 Ke6 74.Ke4 f5+ 75.Kf4 Nf7 76.Nc4 g5+ 77.Ke3 Kf6 78.Kd4  1/2-1/2

[Event "Banicky Kahanec"]
[Site "Prievidza"]
[Date "1997.09.11"]
[Round "4"]
[White "Oral, Tomas"]
[Black "Huba, Martin"]
[Result "1-0"]
[WhiteElo "2435"]
[BlackElo "2170"]

1.e4 e6 2.d4 d5 3.Nd2 a6 4.Ngf3 c5 5.exd5 exd5 6.Be2 cxd4 7.O-O Nf6 8.Nb3 Nc6
9.Re1 Be7 10.Nfxd4 O-O 11.Bf4 Bd6 12.Bxd6 Qxd6 13.Qd2 Ne4 14.Qe3 Bd7 15.f3 Nf6
16.Nxc6 Rfe8 17.Qc5 Qxc5+ 18.Nxc5 Bxc6 19.Kf2 Re7 20.Bd3 Rae8 21.Rxe7 Rxe7
22.b4 Nd7 23.Nxd7 Bxd7 24.a4 g6 25.a5 Kf8 26.Rd1 Ba4 27.Rd2 Re6 28.g3 h6
29.f4 Bc6 30.Be2 Re4 31.c3 Ke7 32.Bd3 Re6 33.Bc2 g5 34.fxg5 hxg5 35.Re2 Kf6
36.Rxe6+ fxe6 37.Ke3 e5 38.Bd1 Bd7 39.Bf3 e4 40.Be2 Ke5 41.h4 gxh4 42.gxh4 Bb5
43.Bg4 Kf6 44.Kd4 Bc6 45.Kc5 Ke5 46.h5 Kf6 47.c4 dxc4 48.Kxc4 Kg5 49.Kd4 Ba4
50.h6 Kxh6 51.Kxe4 Kg7 52.Bc8 Bc6+ 53.Kd4 Kf7 54.Kc5 Ke7  1-0

[Event "RUS-ch (Women)"]
[Site "Elista"]
[Date "1997.09.22"]
[Round "4"]
[White "Kosteniuk, Alexandra"]
[Black "Matveeva, Svetlana"]
[Result "0-1"]
[WhiteElo "2275"]
[BlackElo "2470"]

1.e4 e6 2.d4 d5 3.Nd2 Be7 4.Ngf3 Nf6 5.e5 Nfd7 6.Bd3 c5 7.c3 Nc6 8.O-O a5
9.a4 cxd4 10.cxd4 Nb4 11.Bb1 b6 12.Re1 Ba6 13.Nf1 Rc8 14.Ng3 Rc6 15.Qd2 Qc7
16.Qf4 Nd3 17.Bxd3 Bxd3 18.Bd2 O-O 19.Rac1 Bg6 20.Qe3 Nb8 21.Ne2 Na6 22.Nf4 Bc2
23.Nh5 Bg6 24.Nf4 Bf5 25.Nd3 Qd7 26.b3 Rfc8 27.Rxc6 Rxc6 28.Rc1 h6 29.Nfe1 Qc8
30.Rxc6 Qxc6 31.Qg3 Kh7 32.h4 b5 33.axb5 Qxb5 34.Nf4 Nb4 35.Nh5 Bf8 36.Qf3 Nc6
37.Qe3 Qb6 38.Nf3 Bg4 39.Ng3 Bxf3 40.Qxf3 Qxd4 41.Bc3 Qc5 42.Ne2 Kg8 43.Qd3 Qb6
44.Nd4 Nxe5 45.Qg3 Nd7 46.h5 Nc5 47.Ba1 a4  0-1

[Event "ESP-ch"]
[Site "Torrevieja"]
[Date "1997.10.05"]
[Round "8"]
[White "Garcia Carbo, Marcial"]
[Black "Andres Gonzalez, Alberto"]
[Result "1-0"]
[WhiteElo "2300"]
[BlackElo "2165"]

1.e4 e6 2.d4 d5 3.Nd2 Nc6 4.Ngf3 Nf6 5.e5 Nd7 6.Be2 f6 7.exf6 Qxf6 8.Nf1 e5
9.Ne3 exd4 10.Nxd5 Qd6 11.Bc4 Nde5 12.Nxe5 Qxe5+ 13.Kf1 Bd7 14.Bf4 Qf5 15.g4 Qg6
16.Nxc7+ Kd8 17.Nxa8 Bxg4 18.Qd3 Qh5 19.Kg2  1-0

[Event "BCF-chT 97/98 (4NCL)"]
[Site "GBR"]
[Date "1997.10.25"]
[Round "1"]
[White "Barnes, Michael"]
[Black "Spice, Alan"]
[Result "1-0"]
[WhiteElo "2240"]
[BlackElo "2190"]

1.e4 e6 2.d4 d5 3.Nd2 Nc6 4.Ngf3 Nf6 5.e5 Nd7 6.Bb5 a5 7.O-O Na7 8.Bd3 c5
9.c4 Be7 10.Re1 Nc6 11.cxd5 exd5 12.Nf1 c4 13.Bb1 Nf8 14.h3 Be6 15.Ng3 g6
16.Bh6 b5 17.Ne2 Bc8 18.Nf4 Ne6 19.Nxe6 Bxe6 20.Qc1 Qb6 21.Qf4 Kd7 22.Rd1 Rhc8
23.Ng5 Bxg5 24.Bxg5 b4 25.Qf6 Qd8 26.Qf4 Qf8 27.Be4 Ne7 28.Bf3 h5 29.Rac1 a4
30.Qd2 Nc6 31.Rxc4 dxc4 32.d5 Kc7 33.dxe6 Rd8 34.Bxd8+ Rxd8 35.Qf4 fxe6 36.Qxc4 Qxf3
37.Rxd8 Qf5 38.Rd6  1-0

[Event "WchT 4th"]
[Site "Luzern"]
[Date "1997.10.26"]
[Round "2"]
[White "Rublevsky, Sergei"]
[Black "Lputian, Smbat G"]
[Result "1/2-1/2"]
[WhiteElo "2650"]
[BlackElo "2585"]

1.e4 e6 2.d4 d5 3.Nd2 Be7 4.c3 c5 5.exd5 exd5 6.dxc5 Bxc5 7.Ngf3 Nf6 8.Bb5+ Nc6
9.O-O O-O 10.Nb3 Bb6 11.Bg5 a6 12.Ba4 Bg4 13.h3 Bh5 14.Re1 Ba7 15.Bxc6 bxc6
16.Nbd4 Bxd4 17.cxd4 h6 18.Bxf6 Qxf6 19.g4 Bg6 20.Ne5 Rfe8 21.Rc1 Re6 22.Nxg6 Rxe1+
23.Qxe1 Qxg6 24.Qe5 a5 25.Qc7 Re8 26.Qxc6 Re1+ 27.Kh2 Qxc6 28.Rxc6 Re2 29.Kg3  1/2-1/2

[Event "RUS-Cup01 Chigorin mem"]
[Site "St Petersburg"]
[Date "1997.11.01"]
[Round "1"]
[White "Yemelin, Vasily"]
[Black "Riazantsev, Alexander"]
[Result "0-1"]
[WhiteElo "2480"]
[BlackElo "2275"]

1.e4 e6 2.d4 d5 3.Nd2 Nc6 4.Ngf3 Nf6 5.e5 Nd7 6.Bb5 a6 7.Bxc6 bxc6 8.Nb3 a5
9.Bd2 a4 10.Na5 Nb8 11.c4 dxc4 12.Nxc4 Qd5 13.Ne3 Qb5 14.Ng5 Be7 15.Ne4 Ba6
16.Nc3 Qb6 17.Qg4 Bd3 18.O-O-O O-O 19.Ne4 h5 20.Qf4 a3 21.b3 f5 22.exf6 Bxf6
23.Nxf6+ Rxf6 24.Qh4 Na6 25.Bc3 Bh7 26.d5 Qc5 27.Kd2 Rff8 28.dxe6 g5 29.b4 Qd6+
30.Qd4 Qxd4+ 31.Bxd4 Rxf2+ 32.Kc3 Rxa2 33.Ra1 Rxa1 34.Rxa1 Nb8 35.Kb3 Kf8
36.Bc5+ Ke8 37.Rxa3 Rxa3+ 38.Kxa3 Na6 39.Nc4 Nxc5 40.bxc5 Ke7 41.Na5 Be4
42.Kb4 Bxg2  0-1

[Event "RUS-Cup01 Chigorin mem"]
[Site "St Petersburg"]
[Date "1997.11.03"]
[Round "3"]
[White "Lobzhanidze, Davit"]
[Black "Shliahtin, IE."]
[Result "1-0"]
[WhiteElo "2515"]
[BlackElo "2290"]

1.e4 e6 2.d4 d5 3.Nd2 Nc6 4.Ngf3 Nf6 5.e5 Nd7 6.Bb5 Ncb8 7.Nb3 b6 8.Bg5 Be7
9.Bxe7 Qxe7 10.O-O a5 11.a3 Ba6 12.Bxa6 Nxa6 13.Qe2 O-O 14.c4 a4 15.Nbd2 c5
16.cxd5 exd5 17.Rfe1 Nc7 18.Rad1 Rfd8 19.Nf1 Nf8 20.Ne3 c4 21.Nf5 Qd7 22.N3h4 Kh8
23.f4 b5 24.Qg4 Ne8 25.Re3 Ra6 26.Rg3 Ng6 27.Nf3 Nf8 28.N3h4 Ng6 29.Qg5 Nxh4
30.Qxh4 f6 31.exf6 Nxf6 32.Nxg7 Ne4 33.Rh3 h6 34.Nf5 Rf8 35.Nxh6 Kg7 36.Ng4 Qf5
37.Ne3 Qg6 38.f5 Qh6 39.Qe7+ Rf7 40.Rxh6 Rxe7 41.Rxa6 Nf6  1-0

[Event "RUS-Cup01 Chigorin mem"]
[Site "St Petersburg"]
[Date "1997.11.06"]
[Round "6"]
[White "Egin, Vladimir"]
[Black "Kruppa, Yuri"]
[Result "1/2-1/2"]
[WhiteElo "2445"]
[BlackElo "2535"]

1.e4 e6 2.d4 d5 3.Nd2 Nc6 4.Ngf3 Nf6 5.e5 Nd7 6.c3 f6 7.Bb5 fxe5 8.dxe5 Be7
9.O-O O-O 10.Re1 Qe8 11.Nf1 Nc5 12.Ng3 a6 13.Bf1 a5 14.Nd4 Bd7 15.Qg4 Qf7
16.f4 Be8 17.Be3 h5 18.Qh3 h4 19.Nh1 Nxd4 20.cxd4 Ne4 21.Rac1 Rc8 22.Be2 Bd7
23.Rf1 c5 24.dxc5 Nxc5 25.Nf2 b6 26.b3 Rc7 27.Bg4 Qg6 28.Rcd1 Bc8 29.Rd2 Bd7
30.Bd1 Qf7 31.Be2 Rfc8 32.Qg4 Be8 33.f5  1/2-1/2

[Event "AUT-chT2O 9798"]
[Site "Austria"]
[Date "1997.11.08"]
[Round "2"]
[White "Tibensky, Robert"]
[Black "Jurek, Josef"]
[Result "1/2-1/2"]
[WhiteElo "2420"]
[BlackElo "2415"]

1.e4 e6 2.d4 d5 3.Nd2 Be7 4.Bd3 c5 5.c3 cxd4 6.cxd4 Nc6 7.Ngf3 dxe4 8.Nxe4 Nf6
9.O-O O-O 10.Be3 Nb4 11.Nxf6+ Bxf6 12.Be4 Nd5 13.Qb3 b6 14.Rac1 Bb7 15.a3  1/2-1/2

[Event "Alushta"]
[Site "Alushta"]
[Date "1997.??.??"]
[Round "7"]
[White "Prokopchuk, Evgeny"]
[Black "Rogovski, Vladimir"]
[Result "1/2-1/2"]
[WhiteElo "2440"]
[BlackElo "2455"]

1.d4 e6 2.e4 d5 3.Nd2 Nc6 4.Ngf3 Nf6 5.e5 Nd7 6.c3 f6 7.exf6 Qxf6 8.Be2 Bd6
9.Nf1 Ne7 10.Ne3 Ng6 11.g3 c6 12.O-O O-O 13.c4 Bc7 14.Qc2 Bb6 15.b3 e5 16.Ng4  1/2-1/2

[Event "Ano Liosia op"]
[Site "Ano Liosia"]
[Date "1997.??.??"]
[Round "4"]
[White "Georgiev, Krum"]
[Black "Naumkin, Igor"]
[Result "1-0"]
[WhiteElo "2490"]
[BlackElo "2435"]

1.e4 e6 2.d4 d5 3.Nd2 Nc6 4.Ngf3 Nf6 5.e5 Nd7 6.Bb5 a5 7.O-O Be7 8.Re1 Ncb8
9.Bd3 b6 10.c4 Bb7 11.Qc2 h6 12.a3 Na6 13.cxd5 Bxd5 14.Ne4 c5 15.Qe2 Qc8
16.Nc3 Bxf3 17.Qxf3 cxd4 18.Nb5 Ndc5 19.Nd6+ Bxd6 20.Bb5+ Kf8 21.exd6 a4
22.Bf4 Ra7 23.Rad1 d3 24.d7 Nxd7 25.Rxd3 Nac5 26.Rd6 Kg8 27.Red1 f5 28.Qc3 Qe8
29.Rxb6 Kh7 30.Rc6 Ne4 31.Qd4 Rb7 32.Qxa4 e5 33.Be3 Qh5 34.f3 Nef6 35.Rcd6 e4
36.Bxd7 exf3 37.Qf4 Nxd7 38.Rxd7 Rxd7 39.Rxd7 Re8 40.gxf3 Re6 41.Bf2  1-0

[Event "AUT-chT2O 9798"]
[Site "Austria"]
[Date "1997.??.??"]
[Round "4"]
[White "Rudolf, Herbert"]
[Black "Herzog, Ferdinand"]
[Result "1-0"]
[WhiteElo "2190"]
[BlackElo "2115"]

1.e4 e6 2.d4 d5 3.Nd2 Nc6 4.Ngf3 Nf6 5.e5 Nd7 6.c3 f6 7.exf6 Qxf6 8.Be2 Bd6
9.Nf1 O-O 10.Ng3 e5 11.dxe5 Ndxe5 12.O-O Be6 13.Ng5 Rae8 14.Nh5 Qe7 15.Nxe6 Qxe6
16.Nf4 Qh6 17.Qxd5+ Nf7 18.Nh3 Qh4 19.Bg5 Qa4 20.b3 Qa3 21.Bc4 Ne5 22.Bc1 Qc5
23.Be3 Qa3 24.Ng5 Nxc4 25.Qxc4 b5 26.Qxb5 Nxg5 27.Qxg5 Re5 28.Qg4 Ref5 29.Bd4 g6
30.Qe4 Qa6 31.Qe6+ R8f7 32.Rae1 Qxa2 33.Ra1 Qd2 34.Rxa7 Qh6 35.Ra8+ Bf8 36.b4 Qf4
37.Re1 Rh5 38.Rxf8+  1-0

[Event "Bad Woerishofen op"]
[Site "Bad Woerishofen"]
[Date "1997.??.??"]
[Round "4"]
[White "Milov, Leonid"]
[Black "Eingorn, Vereslav S"]
[Result "1/2-1/2"]
[WhiteElo "2480"]
[BlackElo "2595"]

1.e4 e6 2.d4 d5 3.Nd2 a6 4.Ngf3 c5 5.exd5 exd5 6.Qe2+ Be7 7.dxc5 Nf6 8.Nb3 O-O
9.Be3 Re8 10.O-O-O a5 11.Qb5 a4 12.Nbd4 Ng4 13.Qb6 Qxb6 14.cxb6 Nxe3 15.fxe3 Bc5
16.Nb5  1/2-1/2

[Event "Regionalliga SO9798"]
[Site "Bayern"]
[Date "1997.??.??"]
[Round "?"]
[White "Heiduczek, Josef"]
[Black "Schlosser, Andreas"]
[Result "1-0"]
[WhiteElo "2090"]
[BlackElo "2150"]

1.e4 e6 2.d4 d5 3.Nd2 Nc6 4.c3 e5 5.Ngf3 exd4 6.exd5 Qxd5 7.Bc4 Qh5 8.O-O dxc3
9.Re1+ Be7 10.bxc3 Bg4 11.Rb1 O-O-O 12.Qa4 Bxf3 13.Nxf3 Bd6 14.Rxb7 Nge7
15.Rb5 Qg6 16.Rbe5 Rhe8 17.Bb5 Kd7 18.Rxe7+ Bxe7 19.Ne5+  1-0

[Event "Regionalliga SW9798"]
[Site "Bayern"]
[Date "1997.??.??"]
[Round "?"]
[White "Trescher, Manfred"]
[Black "Mueller, Christian"]
[Result "1-0"]
[WhiteElo "2190"]
[BlackElo "2190"]

1.e4 e6 2.d4 d5 3.Nd2 Nc6 4.Ngf3 Nf6 5.e5 Nd7 6.Nb3 Be7 7.c3 a5 8.Bf4 b6
9.Bd3 Ncb8 10.Nc1 Ba6 11.Bc2 c5 12.a3 Nc6 13.Ne2 f6 14.Ng3 O-O 15.Qb1 f5
16.h4 cxd4 17.cxd4 b5 18.Bd3 Qb6 19.Ne2 b4 20.Bxa6 Qxa6 21.Qd1 bxa3 22.bxa3 Rfc8
23.Bg5 Bf8 24.Be3 Nb6 25.Ng5 Nc4 26.Nf4 N6xe5 27.dxe5 Bxa3 28.Rxa3  1-0

[Event "Regionalliga SW9697"]
[Site "Bayern"]
[Date "1997.??.??"]
[Round "?"]
[White "Reiter, Markus"]
[Black "Kuehn, Manfred"]
[Result "1-0"]
[WhiteElo "2080"]
[BlackElo "2160"]

1.e4 e6 2.d4 d5 3.Nd2 Be7 4.c3 dxe4 5.Nxe4 Nd7 6.Nf3 Ngf6 7.Bd3 O-O 8.O-O b6
9.Qe2 Bb7 10.Neg5 Bd6 11.Rd1 Qe7 12.Ne5 Rad8 13.Bc2 c5 14.Ngf3 cxd4 15.cxd4 h6
16.Ba4 Bxe5 17.dxe5 Bxf3 18.exf6 Qb4 19.Qxf3 Qxa4 20.fxg7 Kxg7 21.Bf4 e5
22.Qg4+ Kh7 23.Qf5+ Kg8 24.Bxh6  1-0